Statistics for Video Games by Letter - “A”

Click here to take the quiz!

General Stats

  • This quiz has been taken 61 times
    (36 since last reset)
  • The average score is 8 of 15

Answer Stats

HintAnswer% Correct
Mobile game where you shoot pigsAngry Birds
100%
One of the oldest video game companies, now long goneAtari
91%
Crewmates must work together to discover and remove the impostors from their groupAmong Us
87%
One human in a town animals. Your goal? Pay off your debtAnimal Crossing
87%
Type of level where the screen moves for you{Auto} Scroller
78%
Nintendo’s shot at toys-to-lifeAmiibo
61%
Building with game cabinets, usually coin operatedArcade
61%
Choose 1 civilization to form and expand from the Stone Age to the Iron AgeAge of Empires
57%
Phoenix Wright undergoes literal trials and tribulations because that's his jobAce Attorney
43%
Follow Desmond Miles as he recovers the pieces of Eden before Abstergo canAssassin’s Creed
43%
God of the Pokémon worldArceus
35%
Sega's old mascot before SonicAlex Kidd
30%
First playable character in Pikmin 3Alph
30%
Combat spacecraft from the Star Fox seriesArwing
22%
Nintendo tank gameAdvance Wars
17%

Score Distribution

Percentile by Number Answered

Percent of People with Each Score

Your Score History

You have not taken this quiz since the last reset